| 000 | 00610nam a2200205 a 4500 | ||
|---|---|---|---|
| 005 | 20240910064045.0 | ||
| 008 | 991125s1970 mx 000 0 spa u | ||
| 035 | _aUPN01000012898 | ||
| 049 | _aSEP | ||
| 050 | 4 |
_aL227 D383 _bM2 |
|
| 110 | 1 |
_aMéxico. _bDirección General de Enseñanza Agrícola _928138 |
|
| 245 | 1 | 0 |
_aCultivo del trigo / _cDirección General de Enseñanza Agrícola. |
| 260 |
_aMéxico : _bSEP, _c[1970?] |
||
| 300 | _a80 p. | ||
| 500 | _a"Cuaderno de trabajo" | ||
| 500 | _aDatos tomados de la cubierta | ||
| 650 | 2 |
_aAgricultura _91809 |
|
| 650 | 4 |
_aTRIGO - _xCULTIVO |
|
| 905 | _aLibro | ||
| 999 |
_c12898 _d12898 |
||